000 00382nam a2200109Ia 4500
008 171204s9999 xx 000 0 und d
245 _aLogistics Management And Strategy: Competing Through The Supply Chain
245 _cAlan Harrison and Remko Van Hoek
260 _c2015
650 _xSTRATEGIC MANAGEMENT
856 _uhttp://down.ebook777.com/LogManAndStrComThrTheSupCha5thEdi.pdf
999 _c347069
_d347069